000 00729cam a2200265 4500
001 1662041
003 ARRUPE
005 20160728094802.0
008 890113s1967 fr 000 0 fre
010 _a 68091002
015 _aF67-5225
035 _a(OCoLC)ocm19021772
035 _a(NNC)1662041
040 _aDLC
_cCUY
_dZCU
050 0 _aPQ2662.O74
_bM4
100 1 _aBoudard, Alphonse.
_924452
245 1 3 _aLa Métamorphose des cloportes.
_cBoudard, Alphonse
260 _aParis,
_bLa Table Ronde,
_c1971.
300 _a218 p.
_c18 cm.
490 1 _aLe Livre de poche,
_v2119
500 _aCover illustrated in color.
830 0 _aLivre de poche ;
_v2119.
_924453
942 _2lcc
_cMONOGRAPH
999 _c124810
_d124810